Catálogo
 En Linea

Las publicaciones científicas en Iberoamérica : (Registro nro. 45468)

Detalles MARC
000 -CABECERA
campo de control de longitud fija 00528nam a2200133 a 4500
001 - NÚMERO DE CONTROL
campo de control 000045979
005 - FECHA Y HORA DE LA ÚLTIMA TRANSACCIÓN
campo de control 20201002052547.0
008 - DATOS DE LONGITUD FIJA--INFORMACIÓN GENERAL
campo de control de longitud fija 150605s2011 dr g 000 0 spa d
040 ## - FUENTE DE LA CATALOGACIÓN
Centro catalogador/agencia de origen DO-SdBNP
Lengua de catalogación spa
Centro/agencia transcriptor BNPHU
245 04 - MENCIÓN DE TÍTULO
Título Las publicaciones científicas en Iberoamérica :
Resto del título espejo y plancha del desarrollo científico regional /
Mención de responsabilidad, etc. Ana MAría Cetto Kramis.
260 ## - PUBLICACIÓN, DISTRIBUCIÓN, ETC.
Lugar de publicación, distribución, etc. Santo Domingo :
Nombre del editor, distribuidor, etc. UNIVERSIDAD APEC,
Fecha de publicación, distribución, etc. 2011.
300 ## - DESCRIPCIÓN FÍSICA
Extensión [48] p. :
Otras características físicas ils., gráfs. ;
Dimensiones 23 cm.
500 ## - NOTA GENERAL
Nota general Conferencia dictada por la Doctora Ana María Cetto Kramis
Existencias
Estado de retiro Estado de pérdida No para préstamo Código de colección Localización permanente Ubicación/localización actual Ubicación en estantería Fecha de adquisición Número de inventario Total de préstamos Signatura topográfica completa Código de barras Fecha visto por última vez Precio válido a partir de Tipo de ítem Koha
    Excluido de préstamo Patrimonio Dominicano Patrimonio Dominicano Patrimonio Dominicano Depósito 05.06.2015 LF1   45979-10 25.06.2020 25.06.2020 Libro y Folleto Colección Patrimonio Dominicano

Con tecnología Koha